| 000 | 00853nam0a22002651 4500 | ||
|---|---|---|---|
| 001 | rc\2296228 | ||
| 005 | 20250623072703.0 | ||
| 035 | _a(NLR Aleph) 006666459 | ||
| 090 |
_a4947205 _c4947205 |
||
| 100 | _a20110829d1977 |||y0rusy50 ca | ||
| 101 | 0 | _arus | |
| 102 | _aRU | ||
| 105 | _aa z ||||| | ||
| 200 | 1 |
_aПриродный источник каротина _e[Эксперим. база "Подолесье" Речицкого р-на] _fА.Д. Гузов |
|
| 210 |
_aМинск _cУраджай _d1977 |
||
| 215 |
_a48 с. _cил. _d20 |
||
| 606 |
_aМорковь _yБССР _2rkp |
||
| 700 | 1 |
_aГузов _bА.Д. _gАндрей Дмитриевич |
|
| 801 | 0 |
_aRU _bNLR _gpsbo |
|
| 801 | 1 |
_aRU _bELAR _2rusmarc |
|
| 852 |
_aNLR _j77-4/23601 |
||
| 899 |
_aRuMoRGB _jБ 77-55/1812 |
||
| 899 |
_aRuMoRGB _jБ 77-55/1813 |
||
| 942 | _cBOOK | ||
| 980 | _aNB | ||